|
|
|
|
| LEADER |
00000cam a2200000 a 4500 |
| 001 |
2359-2 |
| 005 |
20230308172442.0 |
| 008 |
000000|1842 ||||||||r|||||||||||spa|| |
| 040 |
|
|
|b spa
|
| 041 |
1 |
|
|a spa
|
| 082 |
0 |
|
|a 540
|
| 100 |
1 |
|
|a Girardin, M.J.
|9 14464
|
| 245 |
|
|
|a Lecciones de Química elemental
|c M. J. Girardin, trad. de D. J. Bermudez de Castro
|h imp
|n tomo 2
|
| 264 |
|
|
|a París
|b Librería de Rosa
|c 1842
|
| 300 |
|
|
|a 464 páginas:
|c 21 cm
|
| 650 |
|
0 |
|a Química
|9 12795
|
| 852 |
|
|
|a UC-CDJBV
|c PRIMER PISO
|f Compra
|k mariana.feican
|l 1
|m Limitada
|p 00000000
|t 2359-2
|y 65488
|b 1
|d CDRC
|e CDRC
|g 540 PRIMER PISO
|z 0000-00-00
|
| 942 |
|
|
|c BK
|
| 999 |
|
|
|c 39794
|d 39794
|